03384cam a22004934i 4500003000900000005001700009008004100026020001800067035002700085040003300112049000900145082002000154100003100174245012400205264004000329300005500369336002100424337002500445338002300470504004200493505161700535526001002152526001002162526001002172526001002182526000802192526000802200526000802208526000802216526000802224526000802232526000802240541002202248650002002270650003702290910002202327942001402349949012902363994001402492596000602506999015402512980005502666952016902721PE-LiUPU20250731173359.0150706s r 000 0 d a9781575061184 a(Sirsi) i9781575061184 aPE-LiUPUbspacPE-LiUPUerda aPRUA04a204.41bN532211 aNissinen, Marttin,eautor.10aSacred marriages :bthe divine-human sexual metaphor from sumer to early christianity /cMartti Nissinen and Risto Uro. 1aWinona Lake :b Eisenbrauns,c2008. a543 páginas :bilustraciones ;c24 centímetros atext2rdacontent aunmediated2rdamedia avolume2rdacarrier aIncluye referencias bibliográficas.0 aSacred marriages, or the Divine-human sexual metaphor: introducing the project -- The sumerian sacred marriage and its aftermath in later sources -- Sacred marriage and the transfer of divine knowledge: alliances between the gods and the king in ancient mesopotamia -- Sacred marriage and the devotees of istar -- Sacred marriage in the ugaritic texts? The case of KTU/CAT 1.23(rituals and myths of the goodly gods) -- Sacred marriage in the new kingdom of ancient egypt: circumstantial evidence for a ritual interpretation -- Hieros gamos in ancient greek religion: the human aspect of a sacralized ritual -- Song of songs and sacred marriage -- Yahweh`s broken marriages as metaphoric vehicle in the hebrew bible prophets -- The love triangle of lady wisdom: sacred marriage in jewish wisdom literature? -- The sons of god and the daughters of men -- Divine-human marriage matrix and constructions of gender and "bodies" in the christian bible -- Sacred prostitution in the biblical world? -- Begotten by the Holy Spirit -- from the bridegroom`s time to the wedding of the lamb: nuptial imagery in the canonical gospels and the book of revelation -- The bride of Christ (Ephesians 5:22-33): A problematic wedding -- Sex and the single savior -- Divine desires: fantasy and renunciation in the narrative of mark`s gospel -- Asceticism as a sacred marriage: an essay on eastern and western theories -- The bridal chamber and other mysteries: ritual system and ritual transmission in the valentinian movement -- Sacred marriage and spiritual knowledge: relations between carnality and salvation in the apocryphon. aSEG42 aSEG41 aSEG40 aSEG39 aP94 aP87 aP86 aP85 aP77 aP76 aP35 g4919118064961297;04aEspiritualidad.04aMatrimonioxAspectos Religiosos. aglbjckd20101222 2ddccBOOK a204.41 N53wDEWEYc1i62445lCCODEBUL1mBULp42.00r0sYtBOOKu2015-7-6xTEOLOGIAPP350COMPRAo.STAFF. Colección General aC0bPEPRU a1 a204.41 N53wDEWEYc51479i62445f2021-11-9g5lCCODEBUL1mBULp42.00r0sYtBOOKu2015-7-6xTEOLOGIAPP350COMPRAo.STAFF. Colección Generald51479 81gALBERTO SANCHEZ Responsable de Automatización r2025-12-02 00:00:00i6l0o204.41 N53p62445te1v47.00w2015-07-06xFTyBKzinventario-2023-12-13102ddc50708GENfP35aBULbBULcGENd2015-07-06eCOMPRAg42.00